1996 Annual report booklet to accompany (Бичлэгийн дугаар. 146096)
| 000 -УДИРДЛАГА | |
|---|---|
| Удирдлага | 00492nam a22002057a 4500 |
| 003 - ХЯНАЛТЫН ТОО ТОДОРХОЙЛОГЧ | |
| Код | MN-UlNUM |
| 005 - БИЧИЛТ ХИЙСЭН ОГНОО | |
| Тухайн бичилтийг бичсэн засварласан сүүлийн огноо | 20260106131902.0 |
| 008 - ЕРӨНХИЙ МЭДЭЭЛЭЛ | |
| Ерөнхий мэдээлэл | 260106s1996 ilu||||| |||| 00| 0 eng | |
| 020 ## - ISBN | |
| ISBN | 0256207231 |
| 040 ## - БИЧЛЭГ ҮҮСГЭГЧ БАЙГУУЛЛАГА | |
| Бичлэг үүсгэгч номын сангийн код | МУИС-ийн номын сан |
| 084 ## - ББК АНГИЛАЛ | |
| Нэмэлт тусгалт | Бусад |
| ББК ангилал | 65.290-2 |
| Зохиогчийн гурван тэмдэгт | R 66 |
| Мэдлэгийн ялгаа | 65 - Эдийн засаг |
| 245 ## - ҮНДСЭН ГАРЧИГ | |
| Номын нэр | 1996 Annual report booklet to accompany |
| 250 ## - ДАХИН ХЭВЛЭЛТ | |
| Дахин гаралтын дугаар | sixth edition |
| 260 ## - ГАРАЛТЫН МЭДЭЭ | |
| Хэвлэгдсэн газар | Chicago: |
| Хэвлэлийн газар | Irwin |
| Хэвлэгдсэн он | 1996. |
| 300 ## - МАТЕРИАЛЫН ТОДОРХОЙЛОЛТ | |
| хуудасны тоо | 229p.: |
| 500 ## - Тайлбар | |
| Дансны дугаар | БС 4659 |
| 546 ## - ХЭЛНИЙ ТУХАЙ МЭДЭЭ | |
| Хэл | Англи хэл дээр, |
| 942 ## - ЭЛЕМЕНТИЙН ТӨРӨЛ | |
| Зүйлийн төрөл | Ном |
